| 000 | 01016nam a22002897a 4500 | ||
|---|---|---|---|
| 001 | 0005840 | ||
| 003 | DO-SdBNP | ||
| 005 | 20230330105542.0 | ||
| 007 | 0005840 | ||
| 008 | 160621b 2009 sp |||| 00| 0 spa d | ||
| 020 | _a9788466322607 | ||
| 040 |
_aBPMSU _bspa _cBPMSU |
||
| 082 | 4 |
_a863.3 _bR696b 2009 _222 |
|
| 100 | 1 | _aRodríguez Bravo, Juan Luis | |
| 245 | 1 | 0 |
_aHistoria de la vida del Buscón llamado don Pablos : _b ejemplo de vagamundos y espejo de tacaños / _cFrancisco de Quevedo ; estudio y notas por Juan Luis Rodríguez Bravo. |
| 246 | 1 | 3 | _5El buscón |
| 260 |
_aMadrid : _bPunto de Lectura, _c2009. |
||
| 300 |
_a263 p. ; _c19 cm. |
||
| 490 | 0 |
_aPunto de lectura, Clásicos ; _v13 |
|
| 590 | _6Inventariado, 2023/VM | ||
| 600 | 1 | 4 |
_a Quevedo, Francisco de, _d1580-1645 _vCrítica e interpretación |
| 650 | 4 | _aNovela española | |
| 650 | 4 | _aLiteratura española | |
| 700 | 1 |
_aQuevedo, Francisco de _tEl buscón |
|
| 910 | _aLPEREZ/ VMateo V. Control de calidad (BPMSU) | ||
| 942 |
_2ddc _cBK |
||
| 999 |
_c10471 _d10471 |
||